| 000 | 00394nam a2200157Ia 4500 | ||
|---|---|---|---|
| 008 | 221030s9999 xx 000 0 und d | ||
| 020 | _a8185749469 | ||
| 041 | _aEnglish | ||
| 082 |
_a105.23 _bKum |
||
| 100 | _aD. S. Kumar | ||
| 245 | 0 |
_aThermal Science & Engineering _cby D. S. Kumar |
|
| 260 |
_bS.K.Kataria & Sons _aNew Delhi _c2001 |
||
| 300 | _a456 | ||
| 650 | _aMechanical | ||
| 942 | _cBK | ||
| 999 |
_c7637 _d7637 |
||